01631nam a2200385 a 4500001001200000003000800012006001900020007001500039008004100054010001700095020001500112020001800127020002700145040002100172035002100193050002500214082002300239111008900262245008500351260007600436300002500512490004700537504005300584533015200637650004800789650005500837650004100892650003100933650004600964655002901010710001701039830004601056856012601102999001701228ebr10575683CaPaEBRm u cr cn|||||||||780628s1978 ne a sb 101 0 eng d z 78015495  z0444900330 z9780470663493 z9780470718094 (e-book) aCaPaEBRcCaPaEBR a(OCoLC)65558730614aRJ506.M4bS95 1977eb04a618.9/28/588052222 aSymposium on the Cost of Preventing Major Mental Handicapd(1977 :cLondon, England)10aMajor mental handicaph[electronic resource] :bmethods and costs of prevention. aAmsterdam ;aNew York :bElsevier/Excerpta Medica/North-Holland,c1978. aviii, 226 p. :bill.1 aCiba Foundation symposium ;v59 (new ser.) aIncludes bibliographical references and indexes. aElectronic reproduction.bPalo Alto, Calif. :cebrary,d2011.nAvailable via World Wide Web.nAccess may be limited to ebrary affiliated libraries. 0aMental retardationxPreventionvCongresses. 0aMental retardationxPreventionxCostsvCongresses. 0aNeonatal intensive carevCongresses. 0aPrenatal carevCongresses. 0aMental retardationxEtiologyvCongresses. 7aElectronic books.2local2 aebrary, Inc. 0aCiba Foundation symposium ;vnew ser. 59.40uhttp://site.ebrary.com/lib/rucke/Doc?id=10575683zAn electronic book accessible through the World Wide Web; click to view c78287d78287